Otter Species - Statistics

General Stats
  • This quiz has been taken 70 times
  • The average score is 6 of 12
Answer Stats
Binomial name Answer % Correct
Enhydra lutris Sea otter
90%
Pteronura brasiliensis Giant otter
80%
Lutra lutra Eurasian otter
73%
Aonyx cinereus Asian small-clawed otter
70%
Lontra canadensis North American river otter
60%
Aonyx capensis African clawless otter
45%
Lontra felina Marine otter
38%
Lontra longicaudis Neotropical otter
33%
Lutrogale perspicillata Smooth-coated otter
33%
Lutra sumatrana Hairy-nosed otter
30%
Lontra provocax Southern river otter
28%
Hydrictis maculicollis Spotted-necked otter
23%
No matching quizzes found
Score Distribution
Percent of People with Each Score
Percentile by Number Answered
Your Score History
You have not taken this quiz